000 01071nam a2200289Ia 4500
003 GCL
008 140319s9999 xx 000 0 ara d
020 _a8275727977
040 _aGCL /
_cGCL
082 0 4 _a953.48
_bع م
100 1 _aعبدالله عبدالسلام الحداد
245 1 0 _aمدينة حيس اليمنية :
_bتاريخها واثارها الدينية /
_cعبدالله عبدالسلام الحداد
250 _aالاولى
260 _aالقاهرة :
_bدار الافاق العربية ،
_c1999
300 _a351 ص ؛
_c24 سم
490 _aمدن تراثية
_v5
650 0 4 _aالزخرفة الاسلامية
650 0 4 _aاليمن - تاريخ
650 0 4 _aحيس - تاريخ
650 0 4 _aاليمن - الاثار الاسلامية
650 0 4 _aحيس - الاثار الاسلامية
650 0 4 _aالعمارة الاسلامية - اليمن
650 0 4 _aاليمن - وصف ورحلات
650 0 4 _aالمساجد - اليمن
650 0 4 _aالعمارة - اليمن
942 _2ddc
_cBK
999 _c8771
_d8771